Footballer by Pictures #6 - Statistics

General Stats
  • This quiz has been taken 229 times
  • The average score is 12 of 16
Answer Stats
Picture Answer % Correct
Son Heung-min
98%
Thomas Müller
98%
Antoine Griezmann
95%
Gianluigi Buffon
94%
David de Gea
90%
Raphaël Varane
88%
Enzo Fernández
82%
Marcos Aoás Corrêa
81%
Niklas Süle
78%
Sandro Tonali
75%
Daley Blind
73%
Iñaki Williams
72%
Sébastien Haller
66%
Hirving Lozano
56%
Luka Jović
51%
Rafael Borré
21%
No matching quizzes found
Score Distribution
Percent of People with Each Score
Percentile by Number Answered
Your Score History
You have not taken this quiz